Flags with two (2) colours! - Statistics

General Stats
  • This quiz has been taken 328 times
  • The average score is 26 of 38
Answer Stats
Continent Country % Correct
Europe Poland
88%
Asia China
87%
Asia Japan
87%
Europe Finland
86%
Europe Sweden
85%
Asia Indonesia
83%
America Canada
82%
Europe Denmark
82%
Europe Monaco
81%
Europe Greece
80%
Europe Ukraine
80%
Europe Austria
79%
Asia Turkey
77%
Asia Bangladesh
74%
Europe Switzerland
74%
Oceania Palau
72%
Asia Vietnam
72%
Europe Latvia
71%
Africa Somalia
69%
Africa Tunisia
69%
Asia Morocco
68%
Asia Pakistan
68%
Europe Albania
67%
Africa Nigeria
65%
Asia Qatar
65%
Oceania Micronesia
63%
America Peru
63%
Asia Israel
62%
Asia Saudi Arabia
62%
Oceania Tonga
62%
Europe Georgia
61%
Asia Bahrain
60%
Asia Kazakhstan
59%
Asia Singapore
58%
America Honduras
53%
Asia Kyrgyzstan
49%
Africa Mauritania
38%
Europe Former Yugoslav Republic of Macedonia (FYROM)
23%
No matching quizzes found
Score Distribution
Percent of People with Each Score
Percentile by Number Answered
Your Score History
You have not taken this quiz